| 000 | 01693cam a2200361 a 4500 | ||
|---|---|---|---|
| 001 | 1596203 | ||
| 003 | OSt | ||
| 005 | 20210524154356.0 | ||
| 008 | 940321s1994 caua b 000 0 eng | ||
| 020 | _a1558153187 | ||
| 040 |
_aDLC _cCO-JMCR _dDLC |
||
| 041 | 0 | _aeng | |
| 050 | 0 | 0 |
_aHD5811.9.A6 _bH65 1994 |
| 082 | 0 | 4 |
_a331.120956 / _bH744r _223 |
| 100 | 1 |
_aHollister, Robinson G., _eautor _937840 |
|
| 245 | 1 | 0 |
_aReforming labor markets in the Near East : _bimplications for structural adjustment and market economies / _cRobinson G. Hollister, Jr., and Markus P. Goldstein. |
| 260 |
_aSan Francisco, California : _bICS Press, _cc1994. |
||
| 300 |
_axi, 136 páginas : _bilustraciones y gráficas en blanco y negro ; _c23 cm. |
||
| 490 | 1 |
_aICEG sector study series ; _v 8 |
|
| 504 | _aBibliografía : páginas 131-136. | ||
| 505 | 0 | _aLabor markets in the devolopment process. -- Theoretical issues: labor markets in developing and developed nations. -- Perspectives on labor markets in developing countries. -- Labor market responsr to stabilization and structurl adjustment. -- Oucomes of adjustment policy. -- Labor and the future of development | |
| 650 | 1 | 4 |
_aLabor market _zMiddle East. _937841 |
| 650 | 2 | 4 |
_aManpower policy _zMiddle East. _937842 |
| 650 | 2 | 4 |
_aLabor policy _zMiddle East. _937843 |
| 650 | 2 | 4 |
_aLabor market _zArab countries. _937844 |
| 650 | 2 | 4 |
_aManpower policy _zArab countries. _937845 |
| 650 | 1 | 4 |
_aLabor policy _zArab countries. _937846 |
| 651 | 2 | 4 |
_aMiddle East _xEconomic policy. _937847 |
| 651 | 2 | 4 |
_aArab countries _xEconomic policy. _937848 |
| 700 | 1 |
_aGoldstein, Markus P., _eautor _937849 |
|
| 830 | 0 |
_aSector studies ; _vno. 8. _937850 |
|
| 942 |
_2ddc _cBK |
||
| 999 |
_c11818 _d11818 |
||